| 000 | 00919cam a22002891 4500 | ||
|---|---|---|---|
| 001 | 14238991 | ||
| 003 | USPCAS-E | ||
| 005 | 20180118181419.0 | ||
| 008 | 060124s1938 ilu 000 0 eng | ||
| 010 | _a 40002209 | ||
| 040 |
_aDLC _cDLC _dDLC |
||
| 050 | 0 | 0 |
_aTK3271 _b.R5 1938 |
| 082 |
_a621.31924 _bHAR-W 2014 |
||
| 100 | 1 |
_aRichter, H. P. _q(Herbert P.), _d1900-1978. |
|
| 245 | 1 | 0 |
_aWiring simplified, _cby H. P. Richter. |
| 250 | _a10th ed. | ||
| 260 |
_aChicago, _aKansas City [etc.] _bM. Ward, _cc1938. |
||
| 300 |
_a3 p.l., 95 p. _billus. _c21 cm. |
||
| 500 | _a"Revised to include changes required by 1937 National electric code." | ||
| 500 | _aOn cover: 84-9012 ... Compiled especially for Montgomery Ward. | ||
| 502 | _a. | ||
| 610 | 2 | 0 | _aMontgomery Ward. |
| 650 | 0 | _aElectric wiring. | |
| 906 |
_a0 _bcbc _cpremver _d3 _encip _f19 _gy-gencatlg |
||
| 942 |
_2ddc _cBK |
||
| 999 |
_c355957 _d355957 |
||